[Event "SEMI Kings Indian Class theme"]
[Site "SEMI email"]
[Date "1999.??.??"]
[Round "?"]
[White "Coretti, Carlo"]
[Black "Bouchard, Gregory W"]
[Result "1-0"]
[WhiteElo "1300"]
[BlackElo "1780"]
[PlyCount "31"]
[EventDate "1999.01.??"]
[EventType "tourn (corr)"]
[EventRounds "9"]
[EventCountry "ITA"]
[SourceTitle "Corr 2008"]
[Source "ChessBase"]
[SourceDate "2008.06.24"]
[SourceVersion "1"]
[SourceVersionDate "2008.06.24"]
[SourceQuality "1"]

1. d4 Nf6 2. c4 g6 3. Nc3 Bg7 4. e4 d6 5. Nf3 0-0 6. Be2 e5 7. 0-0 Nc6 8. d5 Ne7 9. b4 Nh5 10. c5 f5 11. a4 fxe4 12. Nxe4 Bf5 13. Nfg5 h6 14. cxd6 cxd6 15. Ne6 Bxe6 16. dxe6 1-0

[Event "SEMI Kings Indian Class theme"]
[Site "SEMI email"]
[Date "1999.??.??"]
[Round "?"]
[White "Herbst, Bernd"]
[Black "Coretti, Carlo"]
[Result "1-0"]
[WhiteElo "1821"]
[BlackElo "1300"]
[PlyCount "81"]
[EventDate "1999.01.??"]
[EventType "tourn (corr)"]
[EventRounds "9"]
[EventCountry "ITA"]
[SourceTitle "Corr 2008"]
[Source "ChessBase"]
[SourceDate "2008.06.24"]
[SourceVersion "1"]
[SourceVersionDate "2008.06.24"]
[SourceQuality "1"]

1. d4 Nf6 2. c4 g6 3. Nc3 Bg7 4. e4 d6 5. Nf3 0-0 6. Be2 e5 7. 0-0 Nc6 8. d5 Ne7 9. Ne1 Nd7 10. Nd3 f5 11. Bd2 f4 12. Bg4 Nf6 13. Bxc8 Rxc8 14. Qb3 b6 15. f3 g5 16. h3 c6 17. dxc6 Rf7 18. c7 Qxc7 19. Rac1 Nc6 20. Nb5 Qd7 21. Nb4 Na5 22. Qd3 Bf8 23. Kh2 Nb7 24. Rfd1 Nc5 25. Qa3 a5 26. Nd3 Qe6 27. b4 Nb7 28. Nb2 axb4 29. Bxb4 Nc5 30. Rc2 Rd7 31. Rcd2 Nh5 32. Bxc5 bxc5 33. Qa6 Rdd8 34. a4 Ng3 35. Qb7 g4 36. fxg4 Rb8 37. Qd5 Qxd5 38. exd5 e4 39. Re1 Bg7 40. Nd1 e3 41. Ra2 1-0

[Event "SEMI Kings Indian Class theme"]
[Site "SEMI email"]
[Date "1999.??.??"]
[Round "?"]
[White "Mayer, Eduardo"]
[Black "Coretti, Carlo"]
[Result "1-0"]
[WhiteElo "1800"]
[BlackElo "1300"]
[PlyCount "65"]
[EventDate "1999.01.??"]
[EventType "tourn (corr)"]
[EventRounds "9"]
[EventCountry "ITA"]
[SourceTitle "Corr 2008"]
[Source "ChessBase"]
[SourceDate "2008.06.24"]
[SourceVersion "1"]
[SourceVersionDate "2008.06.24"]
[SourceQuality "1"]

1. d4 Nf6 2. c4 g6 3. Nc3 Bg7 4. e4 d6 5. Nf3 0-0 6. Be2 e5 7. 0-0 Nc6 8. d5 Ne7 9. Bg5 Nd7 10. Nd2 h6 11. Bh4 g5 12. Bg3 f5 13. f3 f4 14. Bf2 Nf6 15. c5 h5 16. cxd6 cxd6 17. Qb3 Ng6 18. Rac1 Rf7 19. Rc2 g4 20. Rfc1 h4 21. Nb5 g3 22. Bxa7 gxh2+ 23. Kxh2 Bd7 24. Nxd6 Re7 25. Rc7 Rxa7 26. Nc8 Ne8 27. Nxa7 Nxc7 28. d6+ Ne6 29. dxe7 Nxe7 30. Bc4 Kf7 31. Qxb7 Kf8 32. Bxe6 Bxe6 33. Nc6 1-0